00584pab a2200181 454500008004000000100002600040245005800066260000900124300001600133362001100149650004100160650001600201700001900217773003400236909001000270999001700280952010500297180718b2005 xxu||||| |||| 00| 0 eng d aAkella, Karuna Vakati aBuilding on political will: next step for land reform c2005 ap.3719-720. a20 Aug aLand reform - India - Andhra Pradesh aLand reform aNielsen, Robin aEconomic and Political Weekly a66449 c66449d66449 00104070aIIPAbIIPAd2018-07-19hVolume no: 40, Issue no: 34pAR66901r2018-07-19w2018-07-19yAR